| 000 -LEADER |
| fixed length control field |
01539nam a22001937a 4500 |
| 005 - DATE AND TIME OF LATEST TRANSACTION |
| control field |
20220324124401.0 |
| 008 - FIXED-LENGTH DATA ELEMENTS--GENERAL INFORMATION |
| fixed length control field |
220324s2021ge xxu||||| |||| 00| 0 geo d |
| 022 ## - INTERNATIONAL STANDARD SERIAL NUMBER |
| International Standard Serial Number |
25875191 (ბეჭდვითი) 26679817 (ელექტრონული) |
| 041 ## - LANGUAGE CODE |
| Language code of text/sound track or separate title |
geo |
| 245 ## - TITLE STATEMENT |
| Title |
შედარებითი სამართლის : ქართულ - გერმანული ჟურნალი / |
| Remainder of title |
მთ.რედ : გიორგი რუსეიშვილი, ოლაფ მუთჰორსტი, ლადო სირდაძე . |
| 260 ## - PUBLICATION, DISTRIBUTION, ETC. |
| Place of publication, distribution, etc. |
თბილისი: |
| Name of publisher, distributor, etc. |
სახელმწიფოსა და სამართლის ინსტიტუტის გამომცემლობა, |
| Date of publication, distribution, etc. |
2021. |
| 300 ## - PHYSICAL DESCRIPTION |
| Extent |
V. |
| 653 ## - INDEX TERM--UNCONTROLLED |
| Uncontrolled term |
სამართალი |
| 700 ## - ADDED ENTRY--PERSONAL NAME |
| Personal name |
რუსეიშვილი, გიორგი |
| Titles and other words associated with a name |
[მთავარი რედაქტორი] |
| 9 (RLIN) |
13604 |
| 700 ## - ADDED ENTRY--PERSONAL NAME |
| Personal name |
მუთჰორსტი, ოლაფ |
| Titles and other words associated with a name |
[მთავარი რედაქტორი] |
| 9 (RLIN) |
13605 |
| 700 ## - ADDED ENTRY--PERSONAL NAME |
| Personal name |
სირდაძე, ლადო |
| Titles and other words associated with a name |
[მთავარი რედაქტორი] |
| 9 (RLIN) |
13606 |
| 710 ## - ADDED ENTRY--CORPORATE NAME |
| Corporate name or jurisdiction name as entry element |
თინათინ წერეთლის სახელობის სახელმწიფოსა და სამართლის ინსტიტუტი გერმანისს საერთაშორისო თანამშრომლობის საზოგადოება (GIZ)]. |
| 9 (RLIN) |
5583 |
| 942 ## - ADDED ENTRY ELEMENTS (KOHA) |
| Source of classification or shelving scheme |
|
| Koha item type |
პერიოდიკა |